Korózia úložných zariadení 99 : Zborník prednášok 11. medzinárodnej konferencie /

Salvato in:
Dettagli Bibliografici
Natura: Libro
Pubblicazione: Košice : Technická univerzita v Košiciach, 1999
Soggetti:
Tags: Aggiungi Tag
Nessun Tag, puoi essere il primo ad aggiungerne!!

MARC

LEADER 00000nam a22000003a 4500
001 stu51303
005 20150408162253.7
008 991213s1999----xo----------------------d
020 |a 80-7099-421-5 
040 |a STU  |b slo 
041 0
044 |a xo 
080 |a 620.193(082) 
245 |a Korózia úložných zariadení 99 :  |b Zborník prednášok 11. medzinárodnej konferencie /  |c Košice, Slovakia 8.-9.6.1999 
260 |a Košice :  |b Technická univerzita v Košiciach,  |c 1999 
300 |a 168 s 
650 7 |a zariadenia úložné-korózia  |2 stusub 
996 |b 284M061368  |c M*Z-1463-1  |l MMKN  |s A  |a 24  |w stu51303_0001